|
|
|
|
| LEADER |
00000nam a2200000 4500 |
| 003 |
Ucuenca |
| 005 |
20230308230305.0 |
| 008 |
181114b2013 mx ||||| |||| 00| 0 spa d |
| 020 |
|
|
|a 978-607-02-47-30-9
|
| 040 |
|
|
|b spa
|
| 041 |
0 |
|
|a es
|
| 082 |
0 |
|
|a 711
|
| 100 |
1 |
|
|9 230843
|a Chávez Barragán, Estefania
|
| 245 |
|
4 |
|a Los autores de la ciudad: propuestas para mejorar la imagen urbana en un ámbito local: la experiencia de Xochimilco
|c Estefanía Chávez Barragán de Ortega
|h imp
|
| 250 |
|
|
|a 1a ed.
|
| 264 |
|
|
|a México
|b UNAM
|c 2013
|
| 300 |
|
|
|a 202 páginas:
|b ilu
|c 23 cm
|
| 504 |
|
|
|a incl. ref.
|
| 520 |
3 |
|
|a Este libro se desarrolla a partir de considerar dos grupos de agentes sociales en la tarea de hacer ciudad. Por un lado, los autores: funcionarios públicos, políticos, profesionales y grupos de la sociedad organizada que intervienen o participan en la definición de las acciones o en las políticas para hacer la ciudad: por otro, los actores, receptores de los efectos de estas acciones. Un tercer grupo son los espectadores que ni colaboran, ni participan en estas tareas. ¿Cómo pasar de ser actor a autor de la ciudad?
|
| 650 |
|
7 |
|a Urbanismo
|9 110
|
| 650 |
|
0 |
|a Reconstruccion urbana
|9 230847
|
| 650 |
|
0 |
|a Ciudades
|9 5707
|
| 942 |
|
|
|c BK
|z nube.salto@ucuenca.edu.ec
|
| 999 |
|
|
|c 156020
|d 156020
|